Vývoj platobnej bilancie Francúzska

Vývoj platobnej bilancie Francúzska za posledných 10 rokov.

Gespeichert in:
Bibliographische Detailangaben
1. Verfasser: Skáčiková, Tatiana
Format: Buchkapitel
Sprache:Slowakisch
Schlagworte:
Tags: Tag hinzufügen
Keine Tags, Fügen Sie das erste Tag hinzu!

MARC

LEADER 00000nla a2200000 4500
001 0226059
005 20240417075110.4
041 0 |a slo 
044 |a SK 
245 1 0 |a Vývoj platobnej bilancie Francúzska  |c Tatiana Skáčiková 
520 |a Vývoj platobnej bilancie Francúzska za posledných 10 rokov. 
610 2 0 |a bilancia platobná 
610 2 0 |a obchod zahraničný 
610 2 0 |a Francúzsko 
100 1 |a Skáčiková, Tatiana